LEADER 01287nam 2200373 450 001 000011835 005 20050718115400.0 010 $a0-387-97589-6 100 $a20021003d1991----km-y0itay0103----ba 101 0 $aeng 102 $aUS 200 1 $aIteration of rational functions$ecomplex analytic dynamical systems$fAlan F. Beardon 210 $aNew York [etc.]$cSpringer$dc1991 215 $aXVI, 280 p.$cill.$d25 cm. 225 1 $aGraduate texts in mathematics$v132 606 $aApprossimazione (Matematica) 676 $a511.4$v(20. ed.)$9Approssimazioni e sviluppi 691 $a41-xx$9Approximations and expansions 700 1$aBeardon,$bA. F$0440908 801 0$aIT$bUniversità della Basilicata - B.I.A.$gRICA$2unimarc 912 $a000011835 996 $aIteration of rational functions$979435 997 $aUNIBAS BAS $aMONSCI BAS $aMONOGR BAS $aSCIENZE CAT $aEXT002$b01$c20021003$lBAS01$h1009 CAT $c20050601$lBAS01$h1754 CAT $abatch$b01$c20050718$lBAS01$h1051 CAT $c20050718$lBAS01$h1110 CAT $c20050718$lBAS01$h1140 CAT $c20050718$lBAS01$h1154 FMT Z30 -1$lBAS01$LBAS01$mBOOK$1BASA5$ADipartimento Matematica$2GEN$BCollezione generale$3MAT$6899$5M899$820021003$f51$FRiservati